Statistics for Donkey Kong Bosses

Click here to take the quiz!

General Stats

  • This quiz has been taken 6 times
  • The average score is 29 of 81

Answer Stats

HintAnswer% Correct
SNESBaron K. Roolenstein
100%
SNESKaptain K. Rool
100%
SNESKing K. Rool
100%
N64King Krusha K. Rool
100%
ArcadeDonkey Kong
80%
ArcadeMario
80%
Wii UBashmaster, The Unbreakable
60%
WiiCranky Kong
60%
N64Dogadon
60%
Wii USkowl, The Startling
60%
WiiTiki Tong
60%
SNESArich
40%
N64Army Dillo
40%
SNESBarbos
40%
SNESBelcha
40%
SNESBleak
40%
WiiColonel Pluck
40%
GBADavy Bones
40%
GameCubeDouble Tusk
40%
GameCubeDread Kong
40%
SNESDumb Drum
40%
Wii UFugu, The Frightening
40%
GameCubeGrave Tusk
40%
SNESKAOS
40%
SNESKreepy Krow
40%
SNESKrow
40%
SNESKudgel
40%
N64Mad Jack
40%
WiiMangoruby
40%
WiiMole Miner Max
40%
WiiMugly
40%
GameCubeNinja Kong
40%
Wii UPompy, The Presumptuous
40%
SNESReally Gnawty
40%
SNESSquirt
40%
WiiStu
40%
GameCubeSumo Kong
40%
WiiThugly
40%
GameCubeTorch Tusk
40%
N64Tricky The Triceratops
40%
GameCubeTurret Tusk
40%
SNESVery Gnawty
40%
N64Wizpig
40%
Wii UBa-Boom, The Boisterous
20%
DSBanana Ship
20%
GameCubeBloat-Hog
20%
N64Bluey The Walrus
20%
N64Bubbler The Octopus
20%
GameCubeCactus King
20%
GBACongazuma
20%
DSDraglinger
20%
GBAFire Necky
20%
GameCubeFleet Roc
20%
GameCubeGhastly King
20%
GameBoyGiant Clam
20%
GameCubeGloat-Hog
20%
GameBoyHard Hat
20%
GameCubeHard Roc
20%
DSJunklomp
20%
WiiKalypso
20%
GameCubeKarate Kong
20%
GBAKerozene
20%
N64King Kut Out
20%
SNESKing Zing
20%
SNESKleaver
20%
WiiKlump
20%
WiiKritter
20%
Wii ULord Fredrik, The Snowmad King
20%
SNESMaster Necky
20%
SNESMaster Necky Sr.
20%
DSMega Amp
20%
GameCubeMo-Hog
20%
N64Puftoss
20%
SNESQueen B.
20%
GameCubeRogue-Hog
20%
GBASassy Squatch
20%
GameCubeScruff Roc
20%
WiiScurvy Crew
20%
N64Smoky The Dragon
20%
GameCubeThunder Roc
20%
GameBoyWild Sting
20%

Score Distribution

Percentile by Number Answered

Percent of People with Each Score

Your Score History

You have not taken this quiz